Country Flight Destinations - Antigua & Barbuda - Statistics

General Stats
  • This quiz has been taken 10 times
  • The average score is 12 of 18
Answer Stats
Answer % Correct
United States
100%
Barbados
90%
Saint Kitts & Nevis
90%
United Kingdom
90%
Dominica
80%
Grenada
80%
Saint Lucia
80%
Saint Vincent& the Grenadines
80%
Trinidad & Tobago
80%
Canada
70%
France(Guadeloupe, Martinique, St. Barthelemy)
70%
Jamaica
60%
Dominican Republic
50%
Netherlands(Aruba/Sint Maarten)
50%
Germany
30%
Haiti
30%
Colombia
20%
Guyana
10%
No matching quizzes found
Score Distribution
Percent of People with Each Score
Percentile by Number Answered
Your Score History
You have not taken this quiz